000
00275nam a2200121 a 4500
008
101022s1965|||| d
100
1
_a
Leonov, Leonid
245
1
0
_a
Eugenia Ivanovna
260
_b
SVKL
_a
Bratislava
_c
1965
041
_a
slo
020
_c
6,50
044
_a
xo
_c
SK
999
_c
12033
_d
12033